000 00692nam a2200217Ia 4500
001 15409
003 GE_BSU
008 181216s||||||||xx |||||||||||||| ||und||
020 _a9992884924
040 _cGE_BSU
080 _a821.353.1-1
100 _aქუთათელაძე,გენრიეტა
245 _aაპრილის კვირის ცარგვალი
245 _cრედ.ჯ.ხოფერია
260 _aბათუმი
260 _bგამ-ბა აჭარა
260 _c2001
300 _a265გვ.1ფ.პორტრ.21სმ.
653 _aაპრილის კვირის ცარგვალი
942 _cBK
999 _c48512
_d48512